Vvedenije v dinamičeskuju teoriju konečnych avtomatov

Enregistré dans:
Détails bibliographiques
Auteur principal: Levin, Vitalij Iľjič (Auteur)
Format: Livre
Langue:russe
Publié: Riga : Zinatne, 1975
Tags: Ajouter un tag
Pas de tags, Soyez le premier à ajouter un tag!

MARC

LEADER 00000nam a22000003a 4500
001 stu200078
005 20150617230108.5
008 100223s1975----lv------------------rus-d
040 |a STU  |b slo 
041 0 |a rus 
044 |a lv 
080 |a 531.3 
100 1 |a Levin, Vitalij Iľjič  |4 aut 
245 1 |a Vvedenije v dinamičeskuju teoriju konečnych avtomatov 
260 |a Riga :  |b Zinatne,  |c 1975 
300 |a 376 s 
996 |b E36688  |c E*36688  |l EE03  |s P  |a 0  |w stu200078_0001